000 00826nam a2200205 a 4500
003 0
005 20250523133201.0
008 021127s19uu xx 00 eng d
050 _aPGS TD 223
_b.J25 2001
100 _aJaime, Alvin Jerome E.
245 _aA study on the potability of drinking water at Southville International School /
_cAlvin Jerome E. Jaime.
260 _aLas Piñas City, Philippines :
_bSouthville International School and Colleges,
_c2001.
300 _a17 pages :
_billustrations ;
_c28 cm.
504 _aIncludes bibliographical references.
650 _aDrinking water
_vQuality
_zPhilippines
_zLas Piñas (Metro Manila).
650 _aWater quality
_zPhilippines
_zLas Piñas (Metro Manila).
650 _aPotable water
_vTesting.
650 _aWater
_vPurification
_zPhilippines.
942 _2lcc
_cPASS
999 _c96554
_d96554